[Event "Tch-CRO 1stA liga 2016"]
[Site "Sibenik"]
[Date "2016.10.10"]
[Round "3.1"]
[White "Predojevic, Borki"]
[Black "Zajic, Milan"]
[Result "1/2-1/2"]
[WhiteElo "2640"]
[BlackElo "2486"]
[PlyCount "43"]
[EventDate "2016.??.??"]
[EventCountry "CRO"]

1. Nf3 Nf6 2. c4 e6 3. g3 d5 4. Bg2 dxc4 5. Qa4+ Nbd7 6. Qxc4 c5 7. d3 Bd6 8.
Nc3 O-O 9. a4 Nb6 10. Qb3 Bd7 11. O-O Bc6 12. Bg5 Nbd7 13. Nd2 Bxg2 14. Kxg2
Qc7 15. Nc4 h6 16. Bxf6 Nxf6 17. Nxd6 Qxd6 18. Qxb7 Rab8 19. Qf3 Rxb2 20. Rab1
Rb4 21. Rbc1 a6 22. Rc2 1/2-1/2

[Event "Tch-CRO 1stA liga 2016"]
[Site "Sibenik"]
[Date "2016.10.10"]
[Round "3.1"]
[White "Medak, Bojan"]
[Black "Markus, Robert"]
[Result "1/2-1/2"]
[WhiteElo "2386"]
[BlackElo "2649"]
[PlyCount "39"]
[EventDate "2016.??.??"]
[EventCountry "CRO"]

1. Nf3 Nf6 2. c4 g6 3. b4 Bg7 4. Bb2 O-O 5. g3 d6 6. Bg2 e5 7. d3 a6 8. O-O Nc6
9. a3 h6 10. Nc3 Re8 11. Nd5 Nxd5 12. cxd5 Ne7 13. Nd2 c6 14. dxc6 Nxc6 15. Rc1
d5 16. Rc5 Be6 17. Qa1 Qd6 18. Rfc1 Rad8 19. Nb3 h5 20. b5 1/2-1/2

[Event "Tch-CRO 1stA liga 2016"]
[Site "Sibenik"]
[Date "2016.10.10"]
[Round "3.1"]
[White "Jovanovic, Zoran"]
[Black "Blazeka, Matej"]
[Result "1-0"]
[WhiteElo "2526"]
[BlackElo "2266"]
[PlyCount "215"]
[EventDate "2016.??.??"]
[EventCountry "CRO"]

1. e4 e5 2. Nf3 Nc6 3. Bc4 Bc5 4. c3 Nf6 5. d3 d6 6. Bb3 O-O 7. Nbd2 a6 8. h3
Be6 9. Nf1 h6 10. Ng3 d5 11. Qe2 dxe4 12. dxe4 Bxb3 13. axb3 Qd7 14. b4 Ba7 15.
Nh2 Rad8 16. Ng4 Nxg4 17. hxg4 Qd3 18. Nf5 f6 19. Nxg7 Qxe2+ 20. Kxe2 Kxg7 21.
Bxh6+ Kg6 22. Bxf8 Rxf8 23. Rad1 Rf7 24. Rh8 Bb6 25. g3 Re7 26. Rdh1 a5 27.
bxa5 Nxa5 28. R1h6+ Kf7 29. R6h7+ Ke6 30. f4 Nc4 31. b3 Nd6 32. Rxe7+ Kxe7 33.
Rh7+ Nf7 34. Kf3 Kf8 35. Rh1 Bc5 36. Ra1 Bd6 37. Ra8+ Kg7 38. Rc8 b6 39. b4 Kh7
40. c4 Kg7 41. c5 bxc5 42. bxc5 Bxc5 43. Rxc7 Bd6 44. Rd7 Kf8 45. Rb7 Kg8 46.
Ra7 Kf8 47. Ra8+ Kg7 48. Re8 Bc7 49. Re6 Bd8 50. Rc6 Be7 51. Re6 Bd8 52. Re8
Bc7 53. Re7 Bb6 54. Rd7 Bc5 55. g5 fxg5 56. fxe5 Kg6 57. Rd5 Be7 58. Ra5 Nd8
59. Ra6+ Kf7 60. Kg4 Ne6 61. Rc6 Bd8 62. Rc1 Kg6 63. Rf1 Nc5 64. Rd1 Ne6 65.
Rd7 Ba5 66. Rd6 Kf7 67. Kf5 Nc5 68. Rc6 Bb4 69. Rc7+ Ke8 70. e6 Ba3 71. Ra7 Bc1
72. e5 Be3 73. Ra3 Bd4 74. g4 Ke7 75. Ra7+ Kf8 76. Rc7 Be3 77. Rh7 Ke8 78. Rh3
Bd2 79. Rh2 Bf4 80. Rc2 Nd3 81. Rc8+ Ke7 82. Rc7+ Ke8 83. Rc8+ Ke7 84. Rc7+ Ke8
85. Ra7 Nxe5 86. Ra5 Nxg4 87. Ra8+ Ke7 88. Ra7+ Ke8 89. Kxg4 Bd2 90. Rd7 Bc3
91. Kxg5 Bb2 92. Kf5 Bc3 93. Rb7 Bd4 94. Ke4 Bf2 95. Rh7 Be1 96. Rh3 Ke7 97.
Ke5 Bb4 98. Rd3 Be1 99. Rb3 Bf2 100. Rb7+ Ke8 101. Kd5 Bh4 102. Rg7 Be1 103.
Rg1 Bd2 104. Rg2 Bc3 105. Rc2 Bb4 106. Rc4 Ba3 107. Ra4 Bc1 108. Kd6 1-0

[Event "Tch-CRO 1stA liga 2016"]
[Site "Sibenik"]
[Date "2016.10.10"]
[Round "3.1"]
[White "Brumen, Dinko"]
[Black "Jovanic, Ognjen"]
[Result "1-0"]
[WhiteElo "2338"]
[BlackElo "2473"]
[PlyCount "75"]
[EventDate "2016.??.??"]
[EventCountry "CRO"]

1. d4 d5 2. c4 c6 3. Nf3 Nf6 4. Nc3 a6 5. c5 Bf5 6. Qb3 Qc8 7. Bf4 Nbd7 8. h3
e6 9. e3 Be7 10. Be2 h6 11. O-O O-O 12. Rfd1 Re8 13. Bd3 Bxd3 14. Rxd3 Bd8 15.
Qc2 Bc7 16. b4 Ne4 17. Rdd1 f5 18. Ne5 Nxe5 19. dxe5 Qb8 20. f3 Nxc3 21. Qxc3
a5 22. a3 Ra6 23. Kh1 axb4 24. axb4 Qa7 25. g4 Rf8 26. Rg1 fxg4 27. Raf1 Ra3
28. Qc2 Qa8 29. Qg6 Qe8 30. Qxg4 Qf7 31. Rg2 Kh7 32. Rfg1 g5 33. Bxg5 Qxf3 34.
Qh4 h5 35. Bf4 Bd8 36. Qg3 Qxg3 37. Rxg3 Rf7 38. Rg6 1-0

[Event "Tch-CRO 1stA liga 2016"]
[Site "Sibenik"]
[Date "2016.10.10"]
[Round "3.1"]
[White "Plenca, Jadranko"]
[Black "Vujakovic, Branko"]
[Result "1-0"]
[WhiteElo "2412"]
[BlackElo "2360"]
[PlyCount "57"]
[EventDate "2016.??.??"]
[EventCountry "CRO"]

1. e4 d6 2. d4 Nf6 3. Nc3 g6 4. Be3 Bg7 5. Qd2 Ng4 6. Bg5 h6 7. Bh4 g5 8. Bg3
e5 9. Nf3 exd4 10. Nxd4 Nc6 11. Bb5 Bd7 12. Nf5 Bxf5 13. exf5 O-O 14. h4 Nd4
15. Bd3 Re8+ 16. Kf1 Qd7 17. hxg5 Nxf5 18. Bxf5 Qxf5 19. gxh6 Be5 20. Rh3 Kh7
21. Kg1 Bxg3 22. Rxg3 Re5 23. f3 Nxh6 24. Kf2 Re6 25. Rg5 Qf6 26. Rh1 Rg8 27.
Rgh5 Rg6 28. Nd5 Qxb2 29. g4 1-0

[Event "Tch-CRO 1stA liga 2016"]
[Site "Sibenik"]
[Date "2016.10.10"]
[Round "3.2"]
[White "Kozul, Zdenko"]
[Black "Fedorchuk, Sergey A"]
[Result "1-0"]
[WhiteElo "2619"]
[BlackElo "2624"]
[PlyCount "123"]
[EventDate "2016.??.??"]
[EventCountry "CRO"]

1. d4 e6 2. c4 b6 3. Bf4 Nf6 4. e3 Bb7 5. Nc3 Bb4 6. Nge2 Nh5 7. Be5 d6 8. Bg3
Nd7 9. a3 Bxc3+ 10. Nxc3 Nxg3 11. hxg3 Nf6 12. d5 Qe7 13. g4 Nd7 14. Be2 h6 15.
Nb5 Ne5 16. Qd4 O-O 17. Rd1 Rfd8 18. f4 c5 19. Qd2 a6 20. Nc3 Ng6 21. Kf2 Rab8
22. a4 Nf8 23. Rh3 exd5 24. cxd5 Bc8 25. Rdh1 b5 26. axb5 axb5 27. Rh5 b4 28.
Nd1 f6 29. b3 Bd7 30. Nb2 Be8 31. R5h3 Ra8 32. Nc4 Ra7 33. Bd3 Rda8 34. Bb1 Bg6
35. e4 Ra1 36. Re3 Qd8 37. Qb2 R8a6 38. Kg3 Qa8 39. Ree1 Qd8 40. Rhf1 Ra7 41.
Qd2 R1a6 42. Qf2 Nd7 43. Kh3 Bf7 44. Qg3 Nf8 45. Bd3 Ra2 46. g5 hxg5 47. fxg5
fxg5 48. Nxd6 Ng6 49. e5 Nf4+ 50. Rxf4 gxf4 51. Qxf4 Bxd5 52. Bc4 Bxc4 53.
Qxc4+ Kh7 54. Qf4 g5 55. Qe4+ Kg7 56. Nf5+ Kg8 57. Qc4+ Kh8 58. Kg3 Rh7 59. Nd6
Qa8 60. Qf1 Rc2 61. Qf6+ Kg8 62. Qg6+ 1-0

[Event "Tch-CRO 1stA liga 2016"]
[Site "Sibenik"]
[Date "2016.10.10"]
[Round "3.2"]
[White "Georgiev, Kiril"]
[Black "Martinovic, Sasa"]
[Result "1-0"]
[WhiteElo "2613"]
[BlackElo "2563"]
[PlyCount "95"]
[EventDate "2016.??.??"]
[EventCountry "CRO"]

1. d4 Nf6 2. c4 e6 3. Nf3 c5 4. Nc3 cxd4 5. Nxd4 Bb4 6. g3 O-O 7. Bg2 d5 8.
cxd5 Nxd5 9. Qb3 Qa5 10. Bd2 Nc6 11. Nxc6 bxc6 12. O-O Bxc3 13. bxc3 Ba6 14.
Rfd1 Qc5 15. e4 Bc4 16. Qa4 Nb6 17. Qb4 Qh5 18. Be3 Be2 19. Re1 Rab8 20. Qc5
Rfd8 21. a4 a5 22. Qxh5 Bxh5 23. Bf4 Rb7 24. Reb1 Rdd7 25. Bf1 Na8 26. Kg2 f6
27. Ba6 Rb6 28. Bc8 Rd3 29. Be3 c5 30. Rxb6 Nxb6 31. Bxe6+ Bf7 32. Bxf7+ Kxf7
33. Bxc5 Nc4 34. Bd4 Rd2 35. Rb1 Ra2 36. Rb7+ Kg8 37. Rc7 Rxa4 38. f4 Ra2+ 39.
Kh3 Nd6 40. e5 Nb5 41. Rd7 Nxd4 42. cxd4 Re2 43. Ra7 Re4 44. d5 fxe5 45. d6 Rd4
46. fxe5 Kf8 47. Rxa5 h5 48. Kg2 1-0

[Event "Tch-CRO 1stA liga 2016"]
[Site "Sibenik"]
[Date "2016.10.10"]
[Round "3.2"]
[White "Kurajica, Bojan"]
[Black "Zovko, Mario"]
[Result "1-0"]
[WhiteElo "2533"]
[BlackElo "2323"]
[PlyCount "73"]
[EventDate "2016.??.??"]
[EventCountry "CRO"]

1. Nf3 d5 2. d4 c5 3. c4 cxd4 4. cxd5 Nf6 5. Qxd4 Qxd5 6. Nc3 Qxd4 7. Nxd4 a6
8. g3 e5 9. Nb3 Bd7 10. Bg2 Bc6 11. O-O Bxg2 12. Kxg2 Nc6 13. Bg5 O-O-O 14.
Bxf6 gxf6 15. e4 Ne7 16. Rad1 Bg7 17. g4 Bh6 18. Kf3 Bf4 19. h3 h5 20. Rxd8+
Rxd8 21. gxh5 Rd3+ 22. Kg2 f5 23. Nc1 Rd8 24. N1e2 Bd2 25. Rd1 Rg8+ 26. Kf3
Bxc3 27. bxc3 Rg5 28. Ng3 f4 29. h4 Rg8 30. Nf5 Nxf5 31. exf5 Rh8 32. Rd5 f6
33. Rd6 Rxh5 34. Rxf6 Rxh4 35. Rd6 Kc7 36. Rd2 Kc6 37. Ke4 1-0

[Event "Tch-CRO 1stA liga 2016"]
[Site "Sibenik"]
[Date "2016.10.10"]
[Round "3.2"]
[White "Mrdja, Milan"]
[Black "Kovacevic, Vlatko"]
[Result "1/2-1/2"]
[WhiteElo "2315"]
[BlackElo "2449"]
[PlyCount "35"]
[EventDate "2016.??.??"]
[EventCountry "CRO"]

1. e4 e6 2. d4 d5 3. Nd2 a6 4. Ngf3 c5 5. dxc5 Bxc5 6. Bd3 Nf6 7. Qe2 Nc6 8. c3
O-O 9. O-O Ba7 10. a4 h6 11. Bc2 Qc7 12. Kh1 Bd7 13. h3 Nb4 14. Bb1 dxe4 15.
Nxe4 Nbd5 16. Nxf6+ Nxf6 17. Ne5 Rfd8 18. Bf4 1/2-1/2

[Event "Tch-CRO 1stA liga 2016"]
[Site "Sibenik"]
[Date "2016.10.10"]
[Round "3.2"]
[White "Muse, Mladen"]
[Black "Jukic, Zdenko"]
[Result "1/2-1/2"]
[WhiteElo "2379"]
[BlackElo "2314"]
[PlyCount "83"]
[EventDate "2016.??.??"]
[EventCountry "CRO"]

1. Nf3 d5 2. g3 c6 3. Bg2 Nd7 4. O-O e5 5. d3 Ngf6 6. Nc3 Qc7 7. e4 dxe4 8.
Nxe4 Nxe4 9. dxe4 Be7 10. b3 b6 11. Bb2 Ba6 12. Re1 Bb4 13. Nd2 O-O 14. a3 Be7
15. Bf1 Bb7 16. Nc4 b5 17. Ne3 g6 18. h4 Nf6 19. Qf3 h5 20. c4 Rad8 21. Rac1
Qb8 22. b4 Bc8 23. cxb5 cxb5 24. Nd5 Nxd5 25. exd5 Bd6 26. Qf6 Rfe8 27. Bd3 Qb7
28. Rc6 Qe7 29. Qxe7 Rxe7 30. Bxb5 Bb7 31. Rcc1 Bxd5 32. Rcd1 Bf3 33. Rd2 Rb8
34. Rxd6 Rxb5 35. Rd8+ Kg7 36. Re3 Bg4 37. f3 Bf5 38. f4 f6 39. fxe5 fxe5 40.
Rd6 a5 41. Bc3 axb4 42. axb4 1/2-1/2

[Event "Tch-CRO 1stA liga 2016"]
[Site "Sibenik"]
[Date "2016.10.10"]
[Round "3.2"]
[White "Rosandic, Denis"]
[Black "Armanda, Ivica"]
[Result "0-1"]
[WhiteElo "2232"]
[BlackElo "2345"]
[PlyCount "70"]
[EventDate "2016.??.??"]
[EventCountry "CRO"]

1. e4 Nf6 2. e5 Nd5 3. d4 Nb6 4. Nf3 d5 5. Be2 Bg4 6. Be3 e6 7. Nbd2 Be7 8. a4
O-O 9. O-O N6d7 10. h3 Bh5 11. Nh2 Bg6 12. c4 dxc4 13. Nxc4 Nb6 14. Nxb6 axb6
15. Qb3 Nc6 16. Nf3 Be4 17. Rfd1 Bd5 18. Qc3 Bb4 19. Qd3 Na5 20. Bd2 Bc4 21.
Qe3 Bxe2 22. Qxe2 Bxd2 23. Nxd2 Qxd4 24. Nf3 Qc5 25. Qe4 Qe7 26. b4 Nc6 27. b5
Na5 28. Rd3 Rad8 29. Rad1 h6 30. g3 Rxd3 31. Qxd3 Qb4 32. Rc1 c5 33. bxc6 Nxc6
34. Qd7 Qa3 35. Qd1 Rd8 0-1

[Event "Tch-CRO 1stA liga 2016"]
[Site "Sibenik"]
[Date "2016.10.10"]
[Round "3.3"]
[White "Stevic, Hrvoje"]
[Black "Lalic, Bogdan"]
[Result "1/2-1/2"]
[WhiteElo "2602"]
[BlackElo "2438"]
[PlyCount "37"]
[EventDate "2016.??.??"]
[EventCountry "CRO"]

1. e4 c5 2. Nf3 d6 3. d4 cxd4 4. Qxd4 Nf6 5. Bb5+ Bd7 6. Bxd7+ Nbxd7 7. Nc3 g6
8. a4 Bg7 9. a5 O-O 10. O-O Qc7 11. Qb4 Rfc8 12. Be3 Qc4 13. Ra4 Qa6 14. h3 Nc5
15. Ra3 Ncd7 16. Ra4 Nc5 17. Ra3 Ncd7 18. Ra4 Nc5 19. Ra3 1/2-1/2

[Event "Tch-CRO 1stA liga 2016"]
[Site "Sibenik"]
[Date "2016.10.10"]
[Round "3.3"]
[White "Plenkovic, Zdenko"]
[Black "Palac, Mladen"]
[Result "1/2-1/2"]
[WhiteElo "2405"]
[BlackElo "2618"]
[PlyCount "38"]
[EventDate "2016.??.??"]
[EventCountry "CRO"]

1. g3 d5 2. Nf3 Nf6 3. Bg2 c6 4. O-O Bg4 5. d3 e6 6. c4 Be7 7. cxd5 cxd5 8. Ne5
Bh5 9. Qa4+ Nfd7 10. g4 Bg6 11. e4 Nc6 12. Nxc6 bxc6 13. f4 Qb6+ 14. Kh1 f6 15.
Nc3 d4 16. Ne2 e5 17. g5 O-O 18. gxf6 Bxf6 19. fxe5 Nxe5 1/2-1/2

[Event "Tch-CRO 1stA liga 2016"]
[Site "Sibenik"]
[Date "2016.10.10"]
[Round "3.3"]
[White "Jankovic, Alojzije"]
[Black "Loncar, Robert"]
[Result "1-0"]
[WhiteElo "2579"]
[BlackElo "2380"]
[PlyCount "109"]
[EventDate "2016.??.??"]
[EventCountry "CRO"]

1. d4 Nf6 2. Nf3 g6 3. c4 Bg7 4. Nc3 O-O 5. e4 d6 6. Be2 Na6 7. Bf4 Nh5 8. Bg5
h6 9. Be3 Nf6 10. O-O Ng4 11. Bc1 e5 12. dxe5 Nxe5 13. Nd4 Nc5 14. Be3 Re8 15.
Qd2 Kh7 16. f3 a5 17. b3 a4 18. b4 Na6 19. a3 Bd7 20. Rfd1 Nb8 21. Rac1 Nbc6
22. Ndb5 Ne7 23. c5 Bxb5 24. Nxb5 d5 25. Qa2 Qc8 26. exd5 Nf5 27. Bf2 c6 28.
Nc3 cxd5 29. Nxd5 Qe6 30. f4 Nc6 31. Bc4 Ncd4 32. Nc7 Qe4 33. Nxe8 Rxe8 34. Qd2
Rd8 35. Re1 Qc6 36. Qd3 Qc7 37. Qe4 Rd7 38. Rcd1 Re7 39. Qd3 Rd7 40. Re4 Rd8
41. g4 Ne6 42. Qf1 Nfd4 43. Bxe6 Nxe6 44. Rxd8 Qxd8 45. Qe2 Qd5 46. h3 Qb3 47.
Qe3 Qd1+ 48. Kg2 Qd5 49. Qf3 Bb2 50. Re3 Nxf4+ 51. Kg3 g5 52. Qxd5 Nxd5 53. Rd3
Nxb4 54. axb4 a3 55. Bd4 1-0

[Event "Tch-CRO 1stA liga 2016"]
[Site "Sibenik"]
[Date "2016.10.10"]
[Round "3.3"]
[White "Doric, Nenad"]
[Black "Zelcic, Robert"]
[Result "1/2-1/2"]
[WhiteElo "2246"]
[BlackElo "2518"]
[PlyCount "106"]
[EventDate "2016.??.??"]
[EventCountry "CRO"]

1. d4 Nf6 2. c4 e6 3. Nc3 Bb4 4. e3 b6 5. Nge2 Ba6 6. Qa4 c5 7. a3 Bxc3+ 8.
Nxc3 O-O 9. dxc5 bxc5 10. Be2 d5 11. cxd5 Bxe2 12. Nxe2 Nxd5 13. O-O Qb6 14.
Qc2 Nc6 15. Bd2 Rab8 16. Rab1 Rfd8 17. Rfc1 Qa6 18. Nc3 Nf6 19. Rd1 Ne5 20. Ne4
Qe2 21. Ng3 Qd3 22. Qxd3 Nxd3 23. Bc3 c4 24. e4 Rb3 25. Rbc1 Rdb8 26. Rc2 e5
27. f3 h5 28. Nf1 Nxb2 29. Bxb2 Rxb2 30. Rxb2 Rxb2 31. Rc1 Rb3 32. Nd2 Rxa3 33.
Nxc4 Ra2 34. Nxe5 a5 35. Rc8+ Kh7 36. h4 a4 37. Nxf7 g6 38. Ng5+ Kg7 39. Rc7+
Kg8 40. Ne6 a3 41. Nf4 Rd2 42. Ra7 a2 43. Kh2 Nd7 44. Nd5 Ne5 45. Nb4 Rb2 46.
Nxa2 Nxf3+ 47. Kh3 Nd2 48. Kg3 Nxe4+ 49. Kf4 Nc5 50. g3 Ne6+ 51. Ke5 Nd8 52.
Ra8 Kg7 53. Rxd8 Rxa2 1/2-1/2

[Event "Tch-CRO 1stA liga 2016"]
[Site "Sibenik"]
[Date "2016.10.10"]
[Round "3.4"]
[White "Ruck, Robert"]
[Black "Sprenger, Jan Michael"]
[Result "1-0"]
[WhiteElo "2566"]
[BlackElo "2513"]
[PlyCount "137"]
[EventDate "2016.??.??"]
[EventCountry "CRO"]

1. c4 e5 2. g3 Nf6 3. Bg2 d5 4. cxd5 Nxd5 5. Nf3 Nc6 6. O-O Be7 7. d4 e4 8. Ne5
f5 9. Nxc6 bxc6 10. Qa4 Qd6 11. Nc3 Nb6 12. Qd1 Be6 13. Bf4 Qd7 14. Na4 Nxa4
15. Qxa4 O-O 16. f3 Rfb8 17. fxe4 Rb4 18. Qa5 fxe4 19. e3 Rxb2 20. Bxe4 Bd5 21.
Bxd5+ Qxd5 22. Qxd5+ cxd5 23. Rfb1 Rab8 24. Rxb2 Rxb2 25. Rc1 Rxa2 26. Rxc7 Kf8
27. Rd7 a5 28. Rxd5 a4 29. Ra5 a3 30. d5 Rd2 31. e4 Rd4 32. Kf2 Rxe4 33. d6
Rxf4+ 34. gxf4 Bxd6 35. Kf3 Kg8 36. Ra8+ Kf7 37. Ke4 Bb4 38. Kf5 Bc5 39. Ra5
Bb4 40. Ra7+ Kg8 41. h4 g6+ 42. Kf6 Bc3+ 43. Ke6 Bb4 44. Kf6 Bc5 45. Ra5 Bd6
46. Ra8+ Bf8 47. h5 gxh5 48. Kg5 Kf7 49. Kxh5 Be7 50. Ra6 Bb4 51. Kh6 Bc5 52.
Kg5 Be7+ 53. Kg4 Bc5 54. Kf5 Be7 55. Rh6 Kg7 56. Rh2 Bf6 57. Rc2 Bb2 58. Rc7+
Kh6 59. Ra7 Bc1 60. Ke5 Bb2+ 61. Ke6 Kg6 62. Ra5 h5 63. f5+ Kg5 64. f6+ Kg4 65.
f7 Bg7 66. Rxa3 h4 67. Ra8 Kg5 68. Rg8 Kh6 69. Rxg7 1-0

[Event "Tch-CRO 1stA liga 2016"]
[Site "Sibenik"]
[Date "2016.10.10"]
[Round "3.4"]
[White "Rade, Miroslav"]
[Black "Rogic, Davor"]
[Result "1/2-1/2"]
[WhiteElo "2451"]
[BlackElo "2513"]
[PlyCount "73"]
[EventDate "2016.??.??"]
[EventCountry "CRO"]

1. e4 e5 2. Nf3 Nc6 3. Bb5 a6 4. Ba4 Nf6 5. O-O Be7 6. Re1 b5 7. Bb3 d6 8. c3
O-O 9. h3 Nb8 10. d4 Nbd7 11. Nbd2 c5 12. Nf1 Re8 13. Ng3 Bf8 14. Bc2 Bb7 15.
d5 g6 16. b3 Nb6 17. Be3 Bc8 18. Nd2 h5 19. a4 Bd7 20. Ngf1 Nh7 21. axb5 axb5
22. Qe2 Qc7 23. Bd3 Reb8 24. Bxb5 Bxb5 25. Qxb5 Nxd5 26. Qc4 Nb6 27. Qd3 Qb7
28. Rxa8 Qxa8 29. Nc4 Nxc4 30. Qxc4 Nf6 31. Bg5 Nd7 32. Nd2 Nb6 33. Qd3 Qa2 34.
g4 hxg4 35. hxg4 c4 36. bxc4 Rc8 37. Qb1 1/2-1/2

[Event "Tch-CRO 1stA liga 2016"]
[Site "Sibenik"]
[Date "2016.10.10"]
[Round "3.4"]
[White "Rubil, Marko"]
[Black "Doric, Darko"]
[Result "1/2-1/2"]
[WhiteElo "2306"]
[BlackElo "2481"]
[PlyCount "36"]
[EventDate "2016.??.??"]
[EventCountry "CRO"]

1. e4 c6 2. d4 d5 3. e5 Bf5 4. h4 h6 5. g4 Bd7 6. h5 c5 7. dxc5 Qc7 8. f4 e6 9.
Be3 Bxc5 10. Bxc5 Qxc5 11. Qd2 Nc6 12. Nf3 Rc8 13. c3 Nge7 14. Na3 a6 15. Nc2
Qb6 16. O-O-O Na5 17. Ne3 Ba4 18. Qd4 Qc6 1/2-1/2

[Event "Tch-CRO 1stA liga 2016"]
[Site "Sibenik"]
[Date "2016.10.10"]
[Round "3.4"]
[White "Ivic, Mateo"]
[Black "Dabo-Peranic, Robert"]
[Result "1/2-1/2"]
[WhiteElo "2234"]
[BlackElo "2332"]
[PlyCount "138"]
[EventDate "2016.??.??"]
[EventCountry "CRO"]

1. e4 e5 2. Nf3 Nc6 3. Bb5 a6 4. Ba4 Nf6 5. O-O Be7 6. Re1 b5 7. Bb3 d6 8. c3
O-O 9. h3 Nb8 10. d4 Nbd7 11. Nbd2 Bb7 12. Bc2 c5 13. d5 c4 14. Nf1 Nc5 15. Ng3
g6 16. Bh6 Re8 17. Qd2 Nfd7 18. h4 Bf8 19. Bg5 f6 20. Be3 h5 21. Nh2 Qe7 22.
Ne2 Qh7 23. Ng3 Be7 24. Rf1 Bd8 25. b4 cxb3 26. axb3 Nb6 27. f4 exf4 28. Rxf4
Ncd7 29. Qf2 Nc8 30. Rf1 a5 31. Nf3 Bb6 32. Nd4 b4 33. c4 Re5 34. Ne6 Bxe3 35.
Qxe3 Qe7 36. Ne2 Rxe6 37. dxe6 Qxe6 38. Qg3 Ne7 39. Nd4 Qe5 40. Nf5 Kf7 41.
Nxe7 Qxe7 42. e5 Nxe5 43. Rxf6+ Qxf6 44. Rxf6+ Kxf6 45. Qg5+ Kf7 46. c5 Re8 47.
cxd6 Bc6 48. Qh6 Re6 49. Qh7+ Kf6 50. Qh8+ Kf7 51. Qh7+ Kf6 52. d7 Bxd7 53.
Bxg6 Re7 54. Qxh5 Nxg6 55. Qg5+ Kf7 56. h5 Nf8 57. g4 Be6 58. Qxa5 Bxg4 59. h6
Be6 60. Qxb4 Nh7 61. Qf4+ Nf6 62. b4 Bd5 63. b5 Kg6 64. b6 Re4 65. Qc7 Rg4+ 66.
Kf1 Kxh6 67. b7 Bg2+ 68. Kf2 Bxb7 69. Qxb7 Kg6 1/2-1/2

[Event "Tch-CRO 1stA liga 2016"]
[Site "Sibenik"]
[Date "2016.10.10"]
[Round "3.4"]
[White "Matanovic, Luka"]
[Black "Susak, Zeljko"]
[Result "1-0"]
[WhiteElo "2183"]
[BlackElo "2206"]
[PlyCount "73"]
[EventDate "2016.??.??"]
[EventCountry "CRO"]

1. e4 c5 2. Nf3 Nc6 3. Bb5 d6 4. d4 cxd4 5. Qxd4 Bd7 6. Bxc6 Bxc6 7. c4 e6 8.
Nc3 Nf6 9. O-O Be7 10. b3 O-O 11. Bb2 Qa5 12. h3 Rfd8 13. Qe3 a6 14. Nd4 Be8
15. a4 Rac8 16. Rfd1 h6 17. Rd3 Bf8 18. Nc2 Qc7 19. Rad1 Bc6 20. Ba3 Ne8 21.
Qd2 Be7 22. Ne3 b6 23. Qe2 Qb7 24. Nf1 Bf6 25. Ng3 Rd7 26. Nd5 Bd8 27. Bb2 Bxd5
28. exd5 e5 29. f4 f6 30. Qg4 Rf7 31. Nf5 Kh7 32. Rg3 g5 33. Qh5 Ng7 34. Qxh6+
Kg8 35. Nxd6 Qd7 36. fxe5 Nf5 37. Qg6+ 1-0

[Event "Tch-CRO 1stA liga 2016"]
[Site "Sibenik"]
[Date "2016.10.10"]
[Round "3.5"]
[White "Postny, Evgeny"]
[Black "Cheparinov, Ivan"]
[Result "1/2-1/2"]
[WhiteElo "2611"]
[BlackElo "2677"]
[PlyCount "179"]
[EventDate "2016.??.??"]
[EventCountry "CRO"]

1. d4 Nf6 2. c4 g6 3. Nf3 Bg7 4. e3 O-O 5. Be2 c5 6. d5 d6 7. Nc3 e6 8. Nd2 Na6
9. O-O Re8 10. e4 Nc7 11. Re1 b6 12. h3 Rb8 13. a4 exd5 14. exd5 Na6 15. Nf1
Nb4 16. Ng3 h6 17. Bf4 g5 18. Bd2 Rb7 19. Qb3 Rbe7 20. Bf1 a6 21. Rxe7 Rxe7 22.
Re1 Rxe1 23. Bxe1 Qe7 24. Bd2 Bd7 25. Qd1 Qe5 26. b3 Kf8 27. Qe2 Qxe2 28. Bxe2
Nc2 29. Bd1 Nd4 30. Nce2 Ne8 31. Nxd4 Bxd4 32. Bg4 Bxg4 33. hxg4 Ng7 34. a5
bxa5 35. Bxa5 Be5 36. Ne2 f5 37. f3 Ke7 38. Kf2 h5 39. gxh5 Nxh5 40. g4 Nf4 41.
Nxf4 Bxf4 42. Bc3 fxg4 43. fxg4 Kf7 44. Kf3 Kg6 45. Ke4 Bh2 46. Ba5 Bg3 47. Kd3
Kf7 48. Bd8 Bf4 49. Ke4 Kg6 50. Bc7 Kf6 51. Ba5 Kg6 52. Kd3 Kf7 53. Bc3 Kg6 54.
Kc2 Kf7 55. Kb2 Ke7 56. Ka3 Kd7 57. Ka4 Kc7 58. Bf6 Bd2 59. Ka3 Kd7 60. Kb2 Ke8
61. Kc2 Bf4 62. Kd3 Kf7 63. Bb2 Kg6 64. Ke2 Kf7 65. Kf3 Kg6 66. Bc3 Kf7 67. Be1
Kg6 68. Ke4 Kf6 69. Bc3+ Kg6 70. Ba5 Kf6 71. Bd8+ Kg6 72. Kd3 Kf7 73. Kc2 Ke8
74. Bc7 Kd7 75. Ba5 Ke7 76. Bc3 Kf7 77. Kb1 Ke7 78. Kb2 Ke8 79. Be1 Ke7 80. Kc2
Kf6 81. Kd3 Ke7 82. Ke4 Kf6 83. Bc3+ Kg6 84. b4 cxb4 85. Bxb4 Kf6 86. Bc3+ Ke7
87. Ba5 Kd7 88. Kf5 Be3 89. Kf6 Bf4 90. Kf5 1/2-1/2

[Event "Tch-CRO 1stA liga 2016"]
[Site "Sibenik"]
[Date "2016.10.10"]
[Round "3.5"]
[White "Hracek, Zbynek"]
[Black "Drazic, Sinisa"]
[Result "1-0"]
[WhiteElo "2594"]
[BlackElo "2430"]
[PlyCount "107"]
[EventDate "2016.??.??"]
[EventCountry "CRO"]

1. e4 e6 2. d4 d5 3. e5 c5 4. c3 Qb6 5. Nf3 Bd7 6. Bd3 cxd4 7. Nxd4 Nc6 8. Nxc6
Bxc6 9. Qe2 a5 10. O-O Bc5 11. Nd2 a4 12. Nf3 h6 13. Bf4 Qa7 14. Rfd1 Ne7 15.
Bc2 Qa6 16. Qe1 Bb5 17. Be3 Bxe3 18. Qxe3 Be2 19. Rd4 Bc4 20. Rg4 g5 21. h4 Nf5
22. Qd2 Nxh4 23. Nxh4 gxh4 24. Rxh4 Qb6 25. Rb1 O-O-O 26. Bxa4 d4 27. Rxd4 Bxa2
28. Rd1 Rxd4 29. Qxd4 Qxd4 30. Rxd4 Rg8 31. c4 Bb1 32. f3 h5 33. Kf2 Bf5 34. b4
Rh8 35. g3 Rf8 36. Rd6 Bg6 37. c5 h4 38. gxh4 Rh8 39. Kg3 Rg8 40. Bd7+ Kb8 41.
b5 Bf5+ 42. Kf2 Rh8 43. b6 Rxh4 44. Be8 Kc8 45. Bxf7 Rc4 46. Bxe6+ Bxe6 47.
Rxe6 Rxc5 48. f4 Kd7 49. Rh6 Rc3 50. Rh7+ Ke6 51. Rxb7 Rb3 52. Rb8 Kf5 53. b7
Ke4 54. e6 1-0

[Event "Tch-CRO 1stA liga 2016"]
[Site "Sibenik"]
[Date "2016.10.10"]
[Round "3.5"]
[White "Djurovic, Goran"]
[Black "Sulava, Nenad"]
[Result "1/2-1/2"]
[WhiteElo "2398"]
[BlackElo "2459"]
[PlyCount "21"]
[EventDate "2016.??.??"]
[EventCountry "CRO"]

1. g3 c5 2. Bg2 g6 3. c4 Bg7 4. Nc3 Nc6 5. d3 b6 6. e4 Bb7 7. Nge2 e6 8. Be3
Nge7 9. d4 d6 10. O-O O-O 11. b3 1/2-1/2

[Event "Tch-CRO 1stA liga 2016"]
[Site "Sibenik"]
[Date "2016.10.10"]
[Round "3.5"]
[White "Dutina, Dario"]
[Black "Mrkonjic, Nenad"]
[Result "0-1"]
[WhiteElo "2304"]
[BlackElo "2353"]
[PlyCount "82"]
[EventDate "2016.??.??"]
[EventCountry "CRO"]

1. e4 c6 2. d4 d5 3. e5 Bf5 4. Nf3 e6 5. Be2 Nd7 6. Nbd2 c5 7. O-O Ne7 8. c4
Nc6 9. cxd5 exd5 10. dxc5 Nxc5 11. Nb3 Nxb3 12. Qxb3 Qd7 13. Rd1 Be6 14. Bf4
Be7 15. Nd4 O-O 16. Qg3 Nxd4 17. Rxd4 Bc5 18. Rd2 f6 19. Be3 d4 20. b4 Bb6 21.
Rad1 fxe5 22. Qxe5 Rae8 23. Bb5 Qxb5 24. Qxb5 dxe3 25. Re2 exf2+ 26. Kf1 a6 27.
Qd3 Bf7 28. Rdd2 Rc8 29. Re4 Rfd8 30. Qxd8+ Rxd8 31. Rxd8+ Bxd8 32. Kxf2 Kf8
33. a3 Bd5 34. Re5 Bc6 35. g4 Bf6 36. Re2 Kf7 37. Kg3 h6 38. h4 Bb5 39. Rf2 Ke6
40. Rc2 Bc6 41. Rd2 Ke5 0-1

[Event "Tch-CRO 1stA liga 2016"]
[Site "Sibenik"]
[Date "2016.10.10"]
[Round "3.5"]
[White "Feletar, Darko"]
[Black "Bozinovic, Bogdan"]
[Result "1/2-1/2"]
[WhiteElo "2363"]
[BlackElo "2207"]
[PlyCount "79"]
[EventDate "2016.??.??"]
[EventCountry "CRO"]

1. e4 c5 2. Nf3 d6 3. d4 cxd4 4. Nxd4 Nf6 5. Nc3 a6 6. f3 e5 7. Nb3 Be6 8. Be3
Be7 9. Qd2 O-O 10. O-O-O Nbd7 11. g4 b5 12. g5 b4 13. Ne2 Ne8 14. f4 a5 15. f5
a4 16. fxe6 axb3 17. cxb3 fxe6 18. Bh3 Rxa2 19. Bxe6+ Kh8 20. Ng3 Nc7 21. Bc4
Qa8 22. Rhf1 Rxf1 23. Rxf1 Ra1+ 24. Kc2 Rxf1 25. Bxf1 d5 26. Qf2 g6 27. h4 Kg7
28. Kb1 Qf8 29. Qc2 Nc5 30. exd5 Nxd5 31. Bxc5 Bxc5 32. h5 Ne3 33. Qe4 Nxf1 34.
Qxe5+ Kg8 35. Qd5+ Qf7 36. Qxc5 Nxg3 37. Qc8+ Qf8 38. Qe6+ Qf7 39. Qc8+ Qf8 40.
Qe6+ 1/2-1/2